1310 1697 1829 1841 1727 1120 1642 1195 1876 1911 1802 1321 1374 1335 1962 1084 1216 1962 1364 1939 1796 1605 1735 1625 1072 1934 1248 1731 1980 1246 1431 1213 1112 1693 1976 1568 1690 1209 1973 1034 1369 1921 1223 1239 1717 1144 1818 1795 1531 1407 1118 1277 1147 1231 1319 1165 1235 1305 1737 1661 1031 1601 1161 1779 1883 1198 1159 1809 1962 1427 1307 1970 1679 2000 1820 1869 1465 1699 1865 1319 1663 1750 1993 1129 1599 1235 1148 1447 1480 1242 1107 1150 1581 1200 1327 1193 1036 1812 1501 BCNSPRNW ULIB Ver.6.0+V

เปลี่ยนเป็นภาษาไทย

Change to English
 แสดงรายละเอียดบรรณานุกรม
  กลับหน้าหลัก

Brief Record : Get Marc (ISO 2709) : E-mail record : QR code < ปิดหน้าต่าง
LEADER : 00000nam 2200000uu 4500
001    13399109550
003     ULIB
008    110405s||||||||th 000 0 tha d
020    9786165070324
041 0  tha
060  4 W21^bค439ล
100 1  คิดเดอร์, เทรซี
245 00 ล่าฝันโพ้นภูผา =^bMountains beyond mountains /^cโดย Tracy Kidder ; ชณัณกร เพ็ชรวัฒนา, ผู้แปล
246 31 Mountains beyond mountains
250    พิมพ์ครั้งที่ 1
260    กรุงเทพฯ :^bหมอชาวบ้าน,^c2553
300    387 หน้า ;^c21 ซม.
500    จากหนังสือ Mountains beyond mountains
650  7 แพทย์^xชีวประวัติ
650  7 สิทธิการรักษาการพยาบาล
650  7 สิทธิมนุษยชน
650  7 การปฏิรูประบบบริการสาธารณสุข
651  0 นายแพทย์พอล ฟาร์เมอร์^xชีวประวัติ
700 0  ชณัณกร เพ็ชรวัฒนา,^eผู้แปล
945    ^p250^l0^i18121
999     เกษร
รายการนี้ยังไม่มีแท็ก
คุณยังไม่ได้ล็อกอิน คุณสามารถมีกิจกรรมร่วมกับเว็บไซต์ได้ แต่ต้องล็อกอินก่อน ::
  ล็อกอิน

รายการสื่อสารสนเทศ

ลำดับที่ ประเภท เลขเรียก/บาร์โค้ด สถานที่ สถานะ
- ไม่พบข้อมูล -

รายการใกล้เคียง
    ผู้แต่ง [คิดเดอร์, เทรซี]

    หัวเรื่อง [สิทธิการรักษาการพยาบาล]
    หัวเรื่อง [สิทธิมนุษยชน]
    หัวเรื่อง [การปฏิรูประบบบริการสาธารณสุข]

BibComment


ยังไม่เคยถูกคอมเมนท์

คอมเมนท์ทรัพยากรรายการนี้
  คอมเมนท์: ล่าฝันโพ้นภูผา M..


 Copyright 2026. Bcnsprnw @Library